000
00310nam a2200145Ia 4500
100
_a
Kirk/ Rimbos
942
_c
BK
654
_a
instrumentation
245
_a
Instrumentation
260
_b
D.B.Taraporevala
_a
Bombay
_c
1980
082
_a
620.0028
_b
KIR/RI
300
_a
296
546
_a
ENGLISH
999
_c
18403
_d
18403